| 000 | 01012nam a2200229 a 4500 | ||
|---|---|---|---|
| 001 | 44572 | ||
| 003 | BD-RjUL | ||
| 005 | 20211209053901.0 | ||
| 008 | 160514s1961 ii ||||| b||| 00| 0 ben d | ||
| 035 | _a(BD-RjUL)44690 | ||
| 040 |
_aBD-RjUL _bben _cBD-RjUL _dBD-RjUL |
||
| 041 | _aben | ||
| 082 |
_223 _a891.44092 _bBIM 1961 |
||
| 100 |
_aবিশী, শ্রী প্রমথনাথ _9126382 |
||
| 245 | 1 | 0 |
_aমাইকেল মধুসূদন জীবনভাষ্য / _cশ্রী প্রমথনাথ বিশী |
| 260 |
_aকলিকাতা : _bমিত্র ও ঘোষ, _c১৯৬১ (১৩৬৮) |
||
| 300 |
_a[৮], ১৪৪ পৃ. ; _c২৩ সেমি. |
||
| 504 | _aগ্রন্থপঞ্জি ও পরিশিষ্ট সংযুক্ত | ||
| 600 |
_aমাইকেল মধুসূদন দত্ত _d১৮২৪-১৮৭৩ _xজীবনী _9126383 |
||
| 600 |
_aMichel Madhusudan Dutta _d1824-1873 _xBiography _9126384 |
||
| 942 |
_2ddc _cBK |
||
| 999 |
_c44572 _d44572 |
||